Food and beverage management : (Record no. 594581)
[ view plain ]
| 000 -LEADER | |
|---|---|
| fixed length control field | 01049cam a2200277 a 4500 |
| 001 - CONTROL NUMBER | |
| control field | 2566219 |
| 005 - DATE AND TIME OF LATEST TRANSACTION | |
| control field | 20230428153310.0 |
| 008 - FIXED-LENGTH DATA ELEMENTS--GENERAL INFORMATION | |
| fixed length control field | 950315s1994 enka b 001 0 eng |
| 010 ## - LIBRARY OF CONGRESS CONTROL NUMBER | |
| LC control number | 95127281 |
| 020 ## - INTERNATIONAL STANDARD BOOK NUMBER | |
| International Standard Book Number | 0750619503 |
| 040 ## - CATALOGING SOURCE | |
| Original cataloging agency | DLC |
| Transcribing agency | DLC |
| Modifying agency | DLC |
| 050 04 - LIBRARY OF CONGRESS CALL NUMBER | |
| Classification number | TX911.3.M27 |
| Item number | F656 1994 |
| 082 00 - DEWEY DECIMAL CLASSIFICATION NUMBER | |
| Classification number | 647.95 |
| Edition number | 20 |
| Author Mark | FOO |
| 245 00 - TITLE STATEMENT | |
| Title | Food and beverage management : |
| Remainder of title | a selection of readings / |
| Statement of responsibility, etc. | edited by Bernard Davis and Andrew Lockwood. |
| 246 14 - VARYING FORM OF TITLE | |
| Title proper/short title | Food & beverage management |
| 260 ## - PUBLICATION, DISTRIBUTION, ETC. | |
| Place of publication, distribution, etc. | Oxford ; |
| -- | Boston : |
| Name of publisher, distributor, etc. | Butterworth-Heinemann, |
| Date of publication, distribution, etc. | 1994. |
| 300 ## - PHYSICAL DESCRIPTION | |
| Extent | xiv, 349 p. : |
| Other physical details | ill. ; |
| Dimensions | 24 cm. |
| 504 ## - BIBLIOGRAPHY, ETC. NOTE | |
| Bibliography, etc. note | Includes bibliographical references and index. |
| 650 #0 - SUBJECT ADDED ENTRY--TOPICAL TERM | |
| Topical term or geographic name entry element | Food service management. |
| 9 (RLIN) | 112007 |
| 700 1# - ADDED ENTRY--PERSONAL NAME | |
| Personal name | Davis, Bernard. |
| 9 (RLIN) | 112008 |
| 700 1# - ADDED ENTRY--PERSONAL NAME | |
| Personal name | Lockwood, Andrew. |
| 9 (RLIN) | 112009 |
| 856 42 - ELECTRONIC LOCATION AND ACCESS | |
| Materials specified | Publisher description |
| Uniform Resource Identifier | <a href="http://www.loc.gov/catdir/enhancements/fy1117/95127281-d.html">http://www.loc.gov/catdir/enhancements/fy1117/95127281-d.html</a> |
| 906 ## - LOCAL DATA ELEMENT F, LDF (RLIN) | |
| a | 7 |
| b | cbc |
| c | orignew |
| d | 3 |
| e | ncip |
| f | 19 |
| g | y-gencatlg |
| 942 ## - ADDED ENTRY ELEMENTS (KOHA) | |
| Source of classification or shelving scheme | |
| Koha item type | Book |
| Withdrawn status | Lost status | Source of classification or shelving scheme | Damaged status | Not for loan | Permanent Location | Current Location | Shelving location | Date acquired | Total Checkouts | Full call number | Barcode | Date last seen | Price effective from | Koha item type |
|---|---|---|---|---|---|---|---|---|---|---|---|---|---|---|
| School of Mechanical & Manufacturing Engineering (SMME) | School of Mechanical & Manufacturing Engineering (SMME) | General Stacks | 04/28/2023 | 647.95 FOO | SMME-3787 | 04/28/2023 | 04/28/2023 | Book |
